[Event "Berks & Bucks Challengers op"]
[Site "Maidenhead"]
[Date "2022.08.28"]
[Round "4"]
[White "Terler, Bohdan"]
[Black "Hariharan, Shambavi"]
[Result "1-0"]
[WhiteElo "1496"]
[BlackElo "1529"]
[PlyCount "71"]
[EventDate "2022.08.27"]
[EventType "swiss"]
[EventRounds "6"]
[EventCountry "ENG"]
[SourceTitle "EXT 2023"]
[Source "ChessBase"]
[SourceDate "2022.10.05"]
[SourceVersion "1"]
[SourceVersionDate "2022.10.05"]
[SourceQuality "1"]

1. e4 c6 2. Nf3 d5 3. Nc3 Bg4 4. h3 Bxf3 5. Qxf3 Nf6 6. Be2 g6 7. d3 Bg7 8. 0-0 0-0 9. Rd1 d4 10. Nb1 e5 11. g3 h6 12. Qg2 Nbd7 13. Rf1 Rc8 14. Nd2 Qe7 15. f4 c5 16. a4 b6 17. Nc4 Qe6 18. Bd2 a6 19. Rae1 Rfe8 20. fxe5 Nxe5 21. Nxe5 Qxe5 22. Bf4 Qe7 23. e5 Nd7 24. Bg4 Rcd8 25. e6 Nf6 26. Be5 h5 27. exf7+ Qxf7 28. Bf3 Kh7 29. Bc6 Rf8 30. g4 Qg8 31. Bc7 Rc8 32. Bd6 Rf7 33. g5 Nd7 34. Rxf7 Qxf7 35. Re7 Qa2 36. Bxd7 1-0

[Event "Pardubice Czech op-D 29th"]
[Site "Pardubice"]
[Date "2018.07.24"]
[Round "5"]
[White "Khaidarov, Lars"]
[Black "Terler, Bohdan"]
[Result "1-0"]
[WhiteElo "1510"]
[BlackElo "1000"]
[PlyCount "111"]
[EventDate "2018.07.21"]
[EventType "swiss"]
[EventRounds "9"]
[EventCountry "CZE"]
[SourceTitle "CBM 186 Extra"]
[Source "ChessBase"]
[SourceDate "2018.08.24"]
[SourceVersion "1"]
[SourceVersionDate "2018.08.24"]
[SourceQuality "1"]

1. d4 f5 2. g3 Nf6 3. Bg2 e6 4. Nf3 Be7 5. 0-0 0-0 6. c4 d5 7. b3 c6 8. Ba3 Nbd7 9. Qc1 Ne4 10. Bxe7 Qxe7 11. Na3 e5 12. cxd5 cxd5 13. Nb5 exd4 14. Nc7 Rb8 15. Nxd5 Qd6 16. Qc4 b5 17. Qxd4 Bb7 18. Nf4 Qxd4 19. Nxd4 Nec5 20. Bxb7 Rxb7 21. Rac1 b4 22. f3 g6 23. Rc4 Re8 24. Rfc1 Rc7 25. Nd5 Rb7 26. Rxc5 Nxc5 27. Nf6+ Kf8 28. Nxe8 Kxe8 29. Rxc5 Rd7 30. e3 Rb7 31. Kf1 Kd7 32. Ke2 Kd6 33. Rb5 Re7 34. Rxb4 Ke5 35. Rc4 Kd5 36. Kd3 Kd6 37. e4 fxe4+ 38. fxe4 Kd7 39. Nc6 Re6 40. Nxa7 Ra6 41. Ra4 Rb6 42. e5 Re6 43. Ke4 h5 44. Kd5 g5 45. Nb5 Rb6 46. e6+ Ke7 47. Ra7+ Ke8 48. Kc5 Rb8 49. Nd6+ Kf8 50. e7+ Kg8 51. Rc7 g4 52. Rc8+ Rxc8+ 53. Nxc8 Kf7 54. Kd6 Ke8 55. Ke6 h4 56. Nd6# 1-0